Judgment in managerial decision making / (Record no. 9272)

MARC details
000 -LEADER
fixed length control field 00937nac a22002531u 4500
010 ## - LIBRARY OF CONGRESS CONTROL NUMBER
LC control number 97014096
020 ## - INTERNATIONAL STANDARD BOOK NUMBER
International Standard Book Number 0471178071 :
082 00 - DEWEY DECIMAL CLASSIFICATION NUMBER
Classification number 658.403
Item number BAZ
090 ## - LOCALLY ASSIGNED LC-TYPE CALL NUMBER (OCLC); LOCAL CALL NUMBER (OCLC)
-- 9272
-- 9272
100 ## - MAIN ENTRY--PERSONAL NAME
Personal name Bazerman, Max H.
245 10 - TITLE STATEMENT
Title Judgment in managerial decision making /
Statement of responsibility, etc Max Bazerman.
250 ## - EDITION STATEMENT
Edition statement 4th ed.
260 ## - PUBLICATION, DISTRIBUTION, ETC. (IMPRINT)
Place of publication, distribution, etc New York :
Name of publisher, distributor, etc John Wiley & Sons,1998.
Date of publication, distribution, etc c1998.
300 ## - PHYSICAL DESCRIPTION
Extent viii, 200 p. :
Other physical details ill. ;
Dimensions 24 cm.
500 ## - GENERAL NOTE
General note Distributer: Al-Ahram
504 ## - BIBLIOGRAPHY, ETC. NOTE
Bibliography, etc Includes bibliographical references (p. 180-191) and index.
511 ## - PARTICIPANT OR PERFORMER NOTE
Participant or performer note Catalogued by: Sara
650 #0 - SUBJECT ADDED ENTRY--TOPICAL TERM
Topical term or geographic name as entry element Decision making.
650 #0 - SUBJECT ADDED ENTRY--TOPICAL TERM
Topical term or geographic name as entry element Management.
856 4# - ELECTRONIC LOCATION AND ACCESS
Materials specified Table of Contents
Uniform Resource Identifier <a href="http://www.loc.gov/catdir/toc/onix01/97014096.html">http://www.loc.gov/catdir/toc/onix01/97014096.html</a>
856 4# - ELECTRONIC LOCATION AND ACCESS
Materials specified Publisher description
Uniform Resource Identifier <a href="http://www.loc.gov/catdir/enhancements/fy0706/97014096-d.html">http://www.loc.gov/catdir/enhancements/fy0706/97014096-d.html</a>
942 ## - ADDED ENTRY ELEMENTS (KOHA)
Item type Book - Borrowing
Call number prefix 658.403BAZ
Holdings
Withdrawn status Item status Damaged status Not for loan Home library Current library Shelving location Date acquired Source of acquisition Total Checkouts Full call number Barcode Date last seen Koha item type
        Central Library Central Library First floor 29/04/2008 Purchase   658.403BAZ 000011117 15/07/2025 Book - Borrowing
        Central Library Central Library First floor 29/04/2008 Purchase   658.403BAZ 000011830 15/07/2025 Book - Borrowing